| 000 | 00659nam a22001937a 4500 | ||
|---|---|---|---|
| 005 | 20140922122422.0 | ||
| 010 | _aENG-110893 | ||
| 020 |
_a9789351431824 _c995.00 |
||
| 035 | _aEN-94425 | ||
| 037 | _bDBAD/PUB | ||
| 082 | _a346.54066 | ||
| 245 | _aLexisNexis the companies act, 2013 (Act 18 of 2013) with rules and forms | ||
| 250 | _a2nd ed | ||
| 260 |
_aGurgaon _bLexis Nexis _c2014 |
||
| 270 |
_a14th Floor, Building No.10, Tower-B, DLF Cyber City, Phase-II _bGurgaon _e122002 |
||
| 300 |
_aix,1693p. _c24cm(pbk) |
||
| 500 | _aKey highlights and quick reference tables prepared by Vinod Kothari | ||
| 942 |
_2ddc _cEN _mLEX _h346.54066 |
||
| 999 |
_c88735 _d88735 |
||